A care Study in aircraft design (Record no. 298679)

000 -LEADER
fixed length control field 00249 a2200109 4500
001 - CONTROL NUMBER
control field 63606
082 ## - DEWEY DECIMAL CLASSIFICATION NUMBER
Classification number 629.1341 HIS
090 ## - LOCALLY ASSIGNED LC-TYPE CALL NUMBER (OCLC); LOCAL CALL NUMBER (RLIN)
-- 37601
-- 37601
100 ## - MAIN ENTRY--PERSONAL NAME
Personal name Hiscocks, R.D
245 ## - TITLE STATEMENT
Title A care Study in aircraft design
Medium English
260 ## - PUBLICATION, DISTRIBUTION, ETC.
Name of publisher, distributor, etc. AIAA
942 ## - ADDED ENTRY ELEMENTS (KOHA)
Institution code [OBSOLETE] CAE NUST
Call number prefix 629.1341 HIS
Holdings
Withdrawn status Lost status Damaged status Not for loan Collection code Permanent Location Current Location Date acquired Total Checkouts Full call number Barcode Date last seen Price effective from Koha item type
          College of Aeronautical Engineering (CAE) College of Aeronautical Engineering (CAE) 04/03/2017   629.1341 HIS CAEG-5383 04/05/2017 04/05/2017 Book
© 2023 Central Library, National University of Sciences and Technology. All Rights Reserved.